| 000 | 00997nac a22003011u 4500 | ||
|---|---|---|---|
| 003 | EG-ScBUE | ||
| 005 | 20220829093325.0 | ||
| 008 | 200219s2006 vraa f b 000 0 eng d | ||
| 020 | _a9781864702514 | ||
| 020 | _a1864702516 | ||
| 040 |
_aEG-ScBUE _beng _erda _cEG-ScBUE _dEG-ScBUE |
||
| 082 | 0 | 4 |
_a712 _bART _222 |
| 245 | 0 | 4 |
_aThe art of survival : _brecovering landscape architecture / _cKongjian Yu and Mary Padua (editors) |
| 264 | 1 |
_aVictoria, Australia : _bThe Images Publishing Group, _c2006. |
|
| 300 |
_a192 pages : _billustrations (some color) ; _c25 cm |
||
| 336 |
_2rdacontent _atext _btxt |
||
| 337 |
_2rdamedia _aunmediated _bn |
||
| 338 |
_2rdacarrier _avolume _bnc |
||
| 504 | _aIncludes bibliographical references. | ||
| 650 | 7 |
_aLandscape architecture. _2BUEsh |
|
| 650 | 7 |
_aLandscape design. _2BUEsh |
|
| 651 | _2BUEsh | ||
| 653 | _bENGARC | ||
| 655 |
_vReading book _934232 |
||
| 700 | 1 |
_aYu, Kongjian, _eeditor. _939280 |
|
| 700 | 1 |
_aPadua, Mary, _eeditor. |
|
| 942 |
_cBB _2ddc |
||
| 999 |
_c8603 _d8603 |
||